| 000 | 00671nam a2200253Ia 4500 | ||
|---|---|---|---|
| 003 | OSt | ||
| 005 | 20220615115331.0 | ||
| 008 | 210210b1983 xxu||||| |||| 00| 0 eng d | ||
| 040 | _cAL | ||
| 041 | _aEnglish | ||
| 082 | _a891.469E PERD | ||
| 100 |
_aPEREIRA (Antonio Luis) _942587 |
||
| 245 | _aDalgado the man and the scholar | ||
| 260 |
_aND _bSahitya Akademi _c1983 |
||
| 300 | _a104 | ||
| 690 |
_aKonkani Criticism _942588 |
||
| 690 |
_aSebastiao Rodolfo Dalgado _942606 |
||
| 690 |
_aPhilologists _942607 |
||
| 690 |
_aKonkani Philology _942608 |
||
| 690 |
_aLexicographer _942611 |
||
| 690 |
_aGlottologist _942612 |
||
| 906 | _a051858 | ||
| 942 |
_2ddc _cBK |
||
| 999 |
_c100169 _d100169 |
||